Obálka
Pro půjčování e-knih musíte být přihlášeni.
Jak si půjčit online?

Digicentres.com – Orte, an denen wir digitale Abhängigkeit reduzieren. /

Das Buch beschreibt die Niederlassungen von Digicentres, die sich auf digitale Sucht konzentrieren. Das Buch eignet sich für Personen, die an einer Zusammenarbeit interessiert sind, sowie für Menschen, die im Bereich der digitalen Sucht arbeiten, Lieferanten und Kunden.

Uloženo v:
Hlavní autor: Ivan, (Autor)
Médium: E-kniha
Jazyk:Czech
Vydáno: Praha : Tewyx, 2026
Tagy:
Žádné tagy
LEADER 01134nam a22002297i 4500
001 299163
007 ta
008 260424s2026 xr ||||| |||| 00| 0 cze d
020 |a 9990004263611 
044 |a xr 
100 1 |a  Ivan,   |4 aut 
245 1 0 |a Digicentres.com – Orte, an denen wir digitale Abhängigkeit reduzieren. /  |c  Ivan,  
264 1 |a Praha :  |b Tewyx,  |c 2026 
300 |a 1 online zdroj (80 stran) 
336 |a text  |b txt  |2 rdacontent 
337 |a bez média  |b n  |2 rdamedia 
338 |a online zdroj  |b cr  |2 rdacarrier 
520 2 |a Das Buch beschreibt die Niederlassungen von Digicentres, die sich auf digitale Sucht konzentrieren. Das Buch eignet sich für Personen, die an einer Zusammenarbeit interessiert sind, sowie für Menschen, die im Bereich der digitalen Sucht arbeiten, Lieferanten und Kunden. 
910 |a RBIT002 
998 |d 426361  |a https://core.palmknihy.cz/api/books/426361/cover?tdw33z  |b https://core.palmknihy.cz/api/books/426361/cover/400?tdw33z  |c https://core.palmknihy.cz/api/books/426361/cover/50?tdw33z  |e   |g 80  |i 9990004263611  |l   |q 49  |r 1  |s https://www.palmknihy.cz/kniha/426361  |t ebook  |y 2026  |z 1 
999 |d 299161